Precisiones sobre el "acto en ciernes" en la Acción Declarativa de Certeza legislada en el Código Procesal Civil y Comercial de la Nación (Registro nro. 35122)
[ vista simple ]
| 000 -LEADER | |
|---|---|
| fixed length control field | 00447 a2200121 4500 |
| 001 - CONTROL NUMBER | |
| control field | ART_50742 |
| 005 - DATE AND TIME OF LATEST TRANSACTION | |
| control field | 20260410162043.0 |
| 008 - FIXED-LENGTH DATA ELEMENTS--GENERAL INFORMATION | |
| fixed length control field | 260409a |
| 100 1# - MAIN ENTRY--PERSONAL NAME | |
| Personal name | Stepanenko, Felipe C. |
| 245 10 - TITLE STATEMENT | |
| Title | Precisiones sobre el "acto en ciernes" en la Acción Declarativa de Certeza legislada en el Código Procesal Civil y Comercial de la Nación |
| 700 1# - ADDED ENTRY--PERSONAL NAME | |
| Personal name | Karschenboim, Laura |
| 773 0# - HOST ITEM ENTRY | |
| Title | Impuestos |
| Related parts | - N°70 (feb. 2020) |
| Record control number | REV45175 |
No hay ítems disponibles.